New challenges in the social studies : (Record no. 9577)

MARC details
000 -LEADER
fixed length control field 00648nam a22001937a 4500
003 - CONTROL NUMBER IDENTIFIER
control field OSt
005 - DATE AND TIME OF LATEST TRANSACTION
control field 20260421064243.0
008 - FIXED-LENGTH DATA ELEMENTS--GENERAL INFORMATION
fixed length control field 260421b |||||||| |||| 00| 0 eng d
040 ## - CATALOGING SOURCE
Original cataloging agency DWCL-Admin lib
Transcribing agency OC
082 ## - DEWEY DECIMAL CLASSIFICATION NUMBER
Classification number Circ. 300 N532 1965
100 ## - MAIN ENTRY--PERSONAL NAME
Personal name Massialas, Byron G.
245 ## - TITLE STATEMENT
Title New challenges in the social studies :
Remainder of title implications of research for teaching /
Statement of responsibility, etc. Byron G. Massialas
260 ## - PUBLICATION, DISTRIBUTION, ETC.
Place of publication, distribution, etc. Belmont, California :
Name of publisher, distributor, etc. Wadsworth Pub.,
Date of publication, distribution, etc. [1965].
300 ## - PHYSICAL DESCRIPTION
Extent ix 261 p. ;
Dimensions 21 cm.
504 ## - BIBLIOGRAPHY, ETC. NOTE
Bibliography, etc. note Include index.
650 ## - SUBJECT ADDED ENTRY--TOPICAL TERM
Topical term or geographic name entry element 1. Social sciences--Study and teaching.
700 ## - ADDED ENTRY--PERSONAL NAME
Personal name Smith, Frederick R.
942 ## - ADDED ENTRY ELEMENTS (KOHA)
Source of classification or shelving scheme Dewey Decimal Classification
Koha item type Book Circulation
Classification part Circ.
Suppress in OPAC No
952 ## - LOCATION AND ITEM INFORMATION (KOHA)
--
Holdings
Withdrawn status Lost status Source of classification or shelving scheme Damaged status Not for loan Home library Current library Shelving location Date acquired Cost, normal purchase price Total Checkouts Full call number Barcode Date last seen Copy number Price effective from Koha item type Uniform Resource Identifier
    Dewey Decimal Classification     College Library College Library Circulation 04/21/2026 0.00   Circ. 300 N532 1965 CL12748 04/21/2026 c2 04/21/2026 BK-CIRC